Gestión de proyectos: habilidades fundamentales para no salirse del presupuesto y cumplir los plazos
Uloženo v:
| Médium: | Kniha |
|---|---|
| Jazyk: | španělština |
| Vydáno: |
Barcelona
Deusto
2004
|
| Edice: | Harvard Business Essentials
|
| Témata: | |
| Tagy: |
Přidat tag
Žádné tagy, Buďte první, kdo vytvoří štítek k tomuto záznamu!
|
MARC
| LEADER | 00000nam a2200000 a 4500 | ||
|---|---|---|---|
| 001 | UCI5789 | ||
| 003 | CL-VaPUC | ||
| 008 | 080411e20040000SP |||||||||||||||||spa|d | ||
| 020 | |a 8423422283 | ||
| 082 | 0 | 4 | |a 658.404 |b GES |2 21 |
| 245 | 1 | 0 | |a Gestión de proyectos: habilidades fundamentales para no salirse del presupuesto y cumplir los plazos |
| 300 | |a 182 p | ||
| 942 | |c BK | ||
| 945 | |d 20080411 00:00:00 |a rbrito | ||
| 260 | |a Barcelona |b Deusto |c 2004 | ||
| 650 | 0 | |a Gestión de proyectos |9 260970 | |
| 650 | 7 | |a CONTROL DE PROYECTOS |2 CL-VaPUC |9 429782 | |
| 650 | 7 | |a PROYECYOS |2 CL-VaPUC |9 528414 | |
| 650 | 7 | |a PROTECTOS DE DESARROLLO |2 CL-VaPUC |9 528415 | |
| 650 | 7 | |a PLANES DE DESARROLLO |2 CL-VaPUC |9 339401 | |
| 650 | 7 | |a PRESUPUESTACION |2 CL-VaPUC |9 528416 | |
| 650 | 7 | |a OBJETIVOS |2 CL-VaPUC |9 375948 | |
| 583 | |a last modification |c 20080411 00:00:00 |k Rodrigo Vera | ||
| 490 | 0 | |a Harvard Business Essentials | |
| 999 | |c 329479 |d 329477 | ||
| 952 | |0 0 |1 0 |4 0 |6 658_404000000000000_GES_2004 |7 0 |8 A |9 414244 |a BIBING |b BIBING |d 2019-11-22 |i 4424441 |l 2 |o 658.404 GES 2004 |p 4424441 |r 2025-04-08 |s 2025-04-01 |w 2019-11-22 |y BK |k CIC | ||